Gia công cao tốc hợp kim nhôm
Tổng quan gia công phay cao tốc, cơ sở vật lý quá trình tạo phoi khi phay cao tốc, động lực học quá trình phay cao tốc, thiết bị và thực nghiệm khi phay cao tốc, mô hình vật liệu khi gia công cao tốc, mô phỏng gia công cao tốc và xác định chế đọ...
Αποθηκεύτηκε σε:
| Κύριος συγγραφέας: | |
|---|---|
| Άλλοι συγγραφείς: | |
| Μορφή: | Βιβλίο |
| Γλώσσα: | Undetermined |
| Έκδοση: |
H.
Khoa học Tự nhiên và Công nghệ
2019
|
| Θέματα: | |
| Διαθέσιμο Online: | http://lrc.tdmu.edu.vn/opac/search/detail.asp?aID=2&ID=40643 |
| Ετικέτες: |
Προσθήκη ετικέτας
Δεν υπάρχουν, Καταχωρήστε ετικέτα πρώτοι!
|
| Thư viện lưu trữ: | Trung tâm Học liệu Trường Đại học Thủ Dầu Một |
|---|
| LEADER | 01236nam a2200217Ia 4500 | ||
|---|---|---|---|
| 001 | TDMU_40643 | ||
| 008 | 210410s9999 xx 000 0 und d | ||
| 082 | |a 398.809597 | ||
| 090 | |b NG527 | ||
| 100 | |a Nguyễn, Đức Toàn | ||
| 245 | 0 | |a Gia công cao tốc hợp kim nhôm | |
| 245 | 0 | |c Nguyễn Đức Toàn chủ biên, Phạm Thị Hoa | |
| 260 | |a H. | ||
| 260 | |b Khoa học Tự nhiên và Công nghệ | ||
| 260 | |c 2019 | ||
| 300 | |a 184tr. | ||
| 520 | |a Tổng quan gia công phay cao tốc, cơ sở vật lý quá trình tạo phoi khi phay cao tốc, động lực học quá trình phay cao tốc, thiết bị và thực nghiệm khi phay cao tốc, mô hình vật liệu khi gia công cao tốc, mô phỏng gia công cao tốc và xác định chế độ cắt hợp lý khi gia công cao tốc theo đa mục tiêu; Thư mục: tr. 173-184 | ||
| 650 | |a Gia công cao tốc |x Hợp kim nhôm; Gia công hợp kim Nhôm |x Phay cao tốc | ||
| 700 | |a Phạm, Thị Hoa | ||
| 856 | |u http://lrc.tdmu.edu.vn/opac/search/detail.asp?aID=2&ID=40643 | ||
| 980 | |a Trung tâm Học liệu Trường Đại học Thủ Dầu Một | ||